<?xml version="1.0" encoding="UTF-8"?><?xml-stylesheet type="text/xsl" href="static/style.xsl"?><OAI-PMH xmlns="http://www.openarchives.org/OAI/2.0/" xmlns:xsi="http://www.w3.org/2001/XMLSchema-instance" xsi:schemaLocation="http://www.openarchives.org/OAI/2.0/ http://www.openarchives.org/OAI/2.0/OAI-PMH.xsd"><responseDate>2026-06-05T15:50:59Z</responseDate><request verb="GetRecord" identifier="oai:riuma.uma.es:10630/36206" metadataPrefix="marc">https://riuma.uma.es/rest/oai/request</request><GetRecord><record><header><identifier>oai:riuma.uma.es:10630/36206</identifier><datestamp>2026-02-03T11:20:42Z</datestamp><setSpec>com_10630_2254</setSpec><setSpec>col_10630_37953</setSpec></header><metadata><record xmlns="http://www.loc.gov/MARC21/slim" xmlns:dcterms="http://purl.org/dc/terms/" xmlns:doc="http://www.lyncode.com/xoai" xmlns:xsi="http://www.w3.org/2001/XMLSchema-instance" xsi:schemaLocation="http://www.loc.gov/MARC21/slim http://www.loc.gov/standards/marcxml/schema/MARC21slim.xsd">
   <leader>00925njm 22002777a 4500</leader>
   <datafield ind2=" " ind1=" " tag="042">
      <subfield code="a">dc</subfield>
   </datafield>
   <datafield ind2=" " ind1=" " tag="720">
      <subfield code="a">Torres-Martín, José Luis</subfield>
      <subfield code="e">author</subfield>
   </datafield>
   <datafield ind2=" " ind1=" " tag="720">
      <subfield code="a">Castro-Martínez, Andrea</subfield>
      <subfield code="e">author</subfield>
   </datafield>
   <datafield ind2=" " ind1=" " tag="720">
      <subfield code="a">Díaz-Morilla, Pablo</subfield>
      <subfield code="e">author</subfield>
   </datafield>
   <datafield ind2=" " ind1=" " tag="260">
      <subfield code="c">2021-06-29</subfield>
   </datafield>
   <datafield ind2=" " ind1=" " tag="520">
      <subfield code="a">A través de entrevistas a 16 guionistas y el análisis documental de 7 informes sobre el sector, este trabajo aborda la situación de las mujeres guionistas en el mercado audiovisual español y las dificultades a las que se enfrentan, así como su influencia en la evolución de la construcción de los personajes femeninos. Las mujeres continúan siendo minoría en la ideación y creación audiovisual, así como en puestos de responsabilidad. Esto se traduce en una excesiva homogeneización de los personajes femeninos y en el empleo de estereotipos de género. Las guionistas se enfrentan a barreras derivadas de ideas preconcebidas sobre las mujeres, como su falta de preparación o capacidad, y a otras que dificultan la maternidad y la conciliación.</subfield>
   </datafield>
   <datafield ind1="8" ind2=" " tag="024">
      <subfield code="a">Torres-Martín, J. L., Castro-Martínez, A., &amp; Díaz-Morilla, P. (2021). Mujeres guionistas y estereotipos de género en el audiovisual español actual. Cuestiones de Género: de la igualdad y la diferencia, (16), 163–184. https://doi.org/10.18002/cg.v0i16.6972</subfield>
   </datafield>
   <datafield ind1="8" ind2=" " tag="024">
      <subfield code="a">https://hdl.handle.net/10630/36206</subfield>
   </datafield>
   <datafield ind1="8" ind2=" " tag="024">
      <subfield code="a">10.18002/cg.v0i16.6972</subfield>
   </datafield>
   <datafield tag="653" ind2=" " ind1=" ">
      <subfield code="a">Guionistas - Trabajo - España</subfield>
   </datafield>
   <datafield ind2="0" ind1="0" tag="245">
      <subfield code="a">Mujeres guionistas y estereotipos de género en el audiovisual español actual</subfield>
   </datafield>
</record>
</metadata></record></GetRecord></OAI-PMH>